|
|
|
|
| LEADER |
00000cas a2200000 a 4500 |
| 001 |
vtls001344020 |
| 003 |
SK-MaSNL |
| 005 |
20260228155800.0 |
| 008 |
981005d19731989xo qr|p 0 0b0slo |
| 035 |
|
|
|a SNK000297209
|
| 040 |
|
|
|a SNK
|b slo
|c SNK
|e AACR2
|
| 041 |
0 |
|
|a slo
|
| 044 |
|
|
|a xo
|c SK
|
| 072 |
|
7 |
|a 14
|x Filozofické systémy a hľadiská
|2 konspekt
|
| 080 |
|
|
|a 050
|2 2001
|
| 080 |
|
|
|a (055)
|2 2011
|
| 080 |
|
|
|a 001:140.8
|2 2011
|
| 245 |
0 |
0 |
|a Vedecký svetonázor
|b bulletin pre vnútornú potrebu lektorov
|
| 260 |
|
|
|a V Bratislave
|b Ústredný výbor Slovenskej akadémie vied Slovenska
|c 1973-1989
|
| 300 |
|
|
|a 17 zv.
|c 28 cm
|
| 310 |
|
|
|a 4x ročne
|b 1975, 1978, 1980-1988
|
| 321 |
|
|
|a 3x ročne
|b 1793, 1977, 1979, 1989
|
| 321 |
|
|
|a 2x ročne
|b 1974, 1976
|
| 362 |
0 |
|
|a Č. 1 (1973)-Č. 3 (1989)
|
| 500 |
|
|
|a Zodp. red.: Gejza Sklenka
|
| 500 |
|
|
|a V tiráži podnázov: 3/1980-3/1989: informačný bulletin pre vnútornú potrebu
|
| 504 |
|
|
|a Bibliogr. ; pozn.
|
| 515 |
|
|
|a Niektoré čísla vychádzajú ako dvojčíslo
|
| 650 |
0 |
7 |
|a vedecký svetonázor
|2 SNKPH
|9 87813
|
| 655 |
|
7 |
|a bulletiny
|2 SNKPH
|9 70453
|
| 700 |
1 |
|
|a Sklenka, Gejza
|4 Iso
|9 265319
|
| 752 |
|
|
|a Slovensko
|d Bratislava
|
| 910 |
|
|
|a snk
|
| 999 |
|
|
|c 535
|d 535
|
| 952 |
|
|
|0 0
|1 0
|4 0
|7 0
|8 0
|a SNK
|b SNK
|d 2020-12-11
|i snkČSP 1239/76
|l 0
|o snkČSB 2542/1973
|p 17A0830709
|r 2026-02-21 19:24:47
|t č. 1-3
|w 2026-02-21
|y PREZ
|
| 952 |
|
|
|0 0
|1 0
|4 0
|7 0
|8 0
|a SNK
|b SNK
|d 2020-12-11
|i snkČSP 1242/76
|l 0
|o snkČSB 2542/1975
|p 17A0830703
|r 2026-02-21 19:24:47
|t č. 1-4, neúplné
|w 2026-02-21
|y PREZ
|z Chýba č. 1
|
| 952 |
|
|
|0 0
|1 0
|4 0
|7 0
|8 0
|a SNK
|b SNK
|d 2020-12-11
|i snkČSP 1744/77
|l 0
|o snkČSB 2542/1977
|p 17A0830701
|r 2026-02-21 19:24:47
|t č. 1-3
|w 2026-02-21
|y PREZ
|
| 952 |
|
|
|0 0
|1 0
|4 0
|7 0
|8 0
|a SNK
|b SNK
|d 2020-12-11
|i snkČSP 1111/78
|l 0
|o snkČSB 2542/1978
|p 17A0830688
|r 2026-02-21 19:24:47
|t č. 1-4
|w 2026-02-21
|y PREZ
|
| 952 |
|
|
|0 0
|1 0
|4 0
|7 0
|8 0
|a SNK
|b SNK
|d 2020-12-11
|i snkČSP 1248/82
|l 0
|o snkČSB 2542/1981
|p 17A0945013
|r 2026-02-21 19:24:47
|t č. 1-4
|w 2026-02-21
|y PREZ
|
| 952 |
|
|
|0 0
|1 0
|4 0
|7 0
|8 0
|a SNK
|b SNK
|d 2020-12-11
|i snkČSP 715/83
|l 0
|o snkČSB 2542/1982
|p 17A0945014
|r 2026-02-21 19:24:47
|t č. 1-4
|w 2026-02-21
|y PREZ
|
| 952 |
|
|
|0 0
|1 0
|4 0
|7 0
|8 0
|a SNK
|b SNK
|d 2020-12-11
|i snkČSP 690/84
|l 0
|o snkČSB 2542/1983
|p 17A0945138
|r 2026-02-21 19:24:48
|t č. 1-4
|w 2026-02-21
|y PREZ
|
| 952 |
|
|
|0 0
|1 0
|4 0
|7 0
|8 0
|a SNK
|b SNK
|d 2020-12-11
|i snkČSP 731/85
|l 0
|o snkČSB 2542/1984
|p 17A0945029
|r 2026-02-21 19:24:48
|t č. 1-4
|w 2026-02-21
|y PREZ
|
| 952 |
|
|
|0 0
|1 0
|4 0
|7 0
|8 0
|a SNK
|b SNK
|d 2020-12-11
|i snkČSP 2061/86
|l 0
|o snkČSB 2542/1985
|p 17A0945010
|r 2026-02-21 19:24:48
|t č. 1-4
|w 2026-02-21
|y PREZ
|
| 952 |
|
|
|0 0
|1 0
|4 0
|7 0
|8 0
|a SNK
|b SNK
|d 2020-12-11
|i snkČSP 2507/87
|l 0
|o snkČSB 2542/1986
|p 17A0945012
|r 2026-02-21 19:24:48
|t č. 1-4
|w 2026-02-21
|y PREZ
|
| 952 |
|
|
|0 0
|1 0
|4 0
|7 0
|8 0
|a SNK
|b SNK
|d 2020-12-11
|i snkČSP 4531/88
|l 0
|o snkČSB 2542/1987
|p 17A0945007
|r 2026-02-21 19:24:48
|t č. 1-4
|w 2026-02-21
|y PREZ
|
| 952 |
|
|
|0 0
|1 0
|4 0
|7 0
|8 0
|a SNK
|b SNK
|d 2020-12-11
|i snkČSP 3083/89
|l 0
|o snkČSB 2542/1988
|p 17A0945008
|r 2026-02-21 19:24:48
|t č. 1-4
|w 2026-02-21
|y PREZ
|
| 952 |
|
|
|0 0
|1 0
|4 0
|7 0
|8 0
|a SNK
|b SNK
|d 2020-12-11
|i snkČSP 565/91
|l 0
|o snkČSB 2542/1989
|p 17A0945009
|r 2026-02-21 19:24:48
|t č. 1-3
|w 2026-02-21
|y PREZ
|
| 952 |
|
|
|0 0
|1 0
|4 0
|7 0
|a SNK
|b SNK
|d 1998-10-05
|i snkČSP 924/80
|l 0
|o snkČSB 2542/1979
|p 17A0163541
|r 2005-01-02 00:00:00
|t č. 1-3
|w 2026-02-21
|y PREZ
|
| 952 |
|
|
|0 0
|1 0
|4 0
|7 0
|a SNK
|b SNK
|d 1998-10-05
|i snkČSP 1378/81
|l 0
|o snkČSB 2542/1980
|p 17A0163748
|r 2005-01-02 00:00:00
|t č. 1-4
|w 2026-02-21
|y PREZ
|
| 952 |
|
|
|0 0
|1 0
|4 0
|7 0
|a SNK
|b SNK
|d 1998-10-05
|i snkČSP 1241/76
|l 0
|o snkČSB 2542/1974
|p 17A0163525
|r 2005-01-02 00:00:00
|t č. 1-2
|w 2026-02-21
|y PREZ
|
| 952 |
|
|
|0 0
|1 0
|4 0
|7 0
|a SNK
|b SNK
|d 1998-10-05
|i snkČSP 313/78
|l 0
|o snkČSB 2542/1976
|p 17A0163283
|r 2005-01-02 00:00:00
|t len č. 1-2
|w 2026-02-21
|y PREZ
|z Č. 1-2 je dvojčíslo
|